[Event "XIII Konik Morski Rewala - Open B"]
[Site "Rewal"]
[Date "2008.08.28"]
[Round "9"]
[White "Rosiak, Agata"]
[Black "Turcheniac, Mariya"]
[Result "1/2-1/2"]
[WhiteElo "1840"]
[BlackElo "2024"]
[PlyCount "100"]
[EventDate "2008.??.??"]

1. d4 Nf6 2. Nf3 g6 3. Bf4 Bg7 4. e3 d6 5. h3 Nbd7 6. Be2 O-O 7. O-O h6 8. c4
Nh7 9. Qc2 e5 10. Bh2 f5 11. Nc3 e4 12. Nd2 a6 13. b4 Ndf6 14. c5 d5 15. b5 c6
16. bxc6 bxc6 17. Qa4 Bb7 18. Rab1 Qc8 19. Nb3 a5 20. Nxa5 Rf7 21. Qb4 Ba6 22.
Bxa6 Qxa6 23. Nb7 Nd7 24. Nd6 Rff8 25. a4 g5 26. Qa3 f4 27. Rb7 Rad8 28. Rd1
Rf6 29. Rc7 Nhf8 30. Re1 Ne6 31. Rb7 fxe3 32. fxe3 Nexc5 33. dxc5 Rxd6 34. Bxd6
Qxb7 35. Rb1 Qa6 36. Na2 Bf8 37. Nb4 Qa8 38. Bc7 Rc8 39. Bb6 Nxc5 40. Bxc5 Bxc5
41. Qc3 Bxb4 42. Qxb4 c5 43. Qb6 Rc6 44. Qb2 Re6 45. Qc3 Qa7 46. Rb5 Qg7 47.
Qxc5 Qa1+ 48. Kh2 Qe5+ 49. g3 Qf6 50. Qxd5 Qf2+ 1/2-1/2

[Event "XIII Konik Morski Rewala - Open B"]
[Site "Rewal"]
[Date "2008.08.28"]
[Round "9"]
[White "Zadlo, Anna"]
[Black "Zanin, Dario"]
[Result "1/2-1/2"]
[WhiteElo "1785"]
[BlackElo "2000"]
[PlyCount "95"]
[EventDate "2008.??.??"]

1. e4 e5 2. Nf3 Nc6 3. Nc3 Nf6 4. a3 Bc5 5. Nxe5 Nxe5 6. d4 Nc6 7. dxc5 Qe7 8.
Bd3 Qxc5 9. Be3 Qe7 10. Qe2 d6 11. f3 Ne5 12. Qd2 Nxd3+ 13. Qxd3 Be6 14. O-O-O
O-O 15. Bg5 h6 16. Nd5 Bxd5 17. Bxf6 Qxf6 18. Qxd5 Rfd8 19. Qd4 Qg5+ 20. Qd2
Qe5 21. Qd5 Qe7 22. Rhe1 c6 23. Qd4 Qe6 24. Qc3 f6 25. Qb3 Qxb3 26. cxb3 Kf7
27. Rd2 Rd7 28. Kc2 Re8 29. Red1 Re6 30. Rd4 g5 31. Kc3 Kg6 32. g4 Kf7 33. Ra4
a6 34. Rad4 Ke7 35. h4 Re5 36. h5 Ke6 37. Kd2 c5 38. Rd3 d5 39. Ke2 d4 40. b4
b6 41. Rc1 Kd6 42. Rc4 Kc6 43. bxc5 bxc5 44. b3 Re8 45. Kd2 Rb8 46. Kc2 Kd6 47.
b4 Rc8 48. bxc5+ 1/2-1/2

[Event "XIII Konik Morski Rewala - Open B"]
[Site "Rewal"]
[Date "2008.08.28"]
[Round "9"]
[White "Witek, Pawel"]
[Black "Galaszewski, Patryk"]
[Result "1/2-1/2"]
[WhiteElo "1998"]
[BlackElo "1755"]
[PlyCount "69"]
[EventDate "2008.??.??"]

1. d4 g6 2. c4 d6 3. Nc3 c6 4. Nf3 Bg7 5. Bg5 Nf6 6. e3 Nbd7 7. Be2 O-O 8. Qc2
a6 9. a4 Qc7 10. O-O e5 11. dxe5 dxe5 12. a5 h6 13. Bh4 Nh7 14. b4 f5 15. h3
Nhf6 16. Bxf6 Nxf6 17. Rad1 g5 18. c5 Qe7 19. Bc4+ Kh8 20. Na4 e4 21. Nd4 Nd7
22. Ne6 Rf6 23. Nxg7 Kxg7 24. Rd4 Ne5 25. Nb6 Rb8 26. Rfd1 Be6 27. Bxe6 Qxe6
28. Nd7 Nxd7 29. Rxd7+ Rf7 30. Qc3+ Kh7 31. R1d6 Qxd7 32. Rxd7 Rxd7 33. Qe5 Rf8
34. Qe6 Rff7 35. g3 1/2-1/2

[Event "XIII Konik Morski Rewala - Open B"]
[Site "Rewal"]
[Date "2008.08.28"]
[Round "9"]
[White "Statucki, Maciej"]
[Black "Janicki, Jacek"]
[Result "1/2-1/2"]
[WhiteElo "1568"]
[BlackElo "1985"]
[PlyCount "102"]
[EventDate "2008.??.??"]

1. e4 c5 2. Nf3 a6 3. c3 d5 4. exd5 Qxd5 5. d4 Nc6 6. Be2 Nf6 7. dxc5 Qxd1+ 8.
Bxd1 e5 9. Ba4 Bd7 10. O-O Bxc5 11. Bxc6 Bxc6 12. Nxe5 Bb5 13. c4 Bd7 14. Nxd7
Kxd7 15. Bf4 Rhe8 16. Nc3 Bb4 17. Na4 Kc6 18. a3 Bf8 19. Rfe1 Rxe1+ 20. Rxe1
Re8 21. Rxe8 Nxe8 22. Kf1 b5 23. cxb5+ Kxb5 24. Nc3+ Kc4 25. Ne4 f6 26. Nd2+
Kd3 27. b4 Nd6 28. Nb3 Ne4 29. Be3 Kc4 30. Nd4 Bd6 31. f3 Nc3 32. Ne6 g6 33.
Nc5 Bxc5 34. bxc5 Nd5 35. Bf2 Kb3 36. Ke2 Kxa3 37. Kd3 Kb4 38. Kd4 Ne7 39. Bg3
a5 40. Bd6 Nc6+ 41. Kd5 Kb5 42. Bf4 a4 43. Bc1 Nb4+ 44. Kd6 Nc6 45. Ba3 Na5 46.
Bc1 a3 47. Kd5 a2 48. Bb2 f5 49. g4 fxg4 50. fxg4 Nc6 51. Kd6 Nb4 1/2-1/2

[Event "XIII Konik Morski Rewala - Open B"]
[Site "Rewal"]
[Date "2008.08.28"]
[Round "9"]
[White "Glatty, Zbigniew"]
[Black "Major, Katarzyna"]
[Result "1-0"]
[WhiteElo "1903"]
[BlackElo "1768"]
[PlyCount "120"]
[EventDate "2008.??.??"]

1. e4 Nf6 2. e5 Nd5 3. d4 d6 4. c4 Nb6 5. exd6 exd6 6. h3 Nc6 7. Nc3 Be7 8. Be3
Bf5 9. Nf3 O-O 10. Bd3 Bxd3 11. Qxd3 Nb4 12. Qe2 Re8 13. a3 Nc6 14. O-O Bf6 15.
Qd3 d5 16. c5 Nc4 17. Bc1 b6 18. b3 N4a5 19. b4 Nb3 20. Rb1 Nbxd4 21. Nxd4 Nxd4
22. Be3 Ne6 23. Nxd5 Be5 24. Rfd1 Qh4 25. Qf5 Nd4 26. Bxd4 Bxd4 27. Nxc7 Re5
28. Qf3 Rc8 29. Nb5 bxc5 30. Nxa7 Rce8 31. Nc6 R5e6 32. Nxd4 cxd4 33. Rd3 h6
34. Qg4 Re1+ 35. Rxe1 Rxe1+ 36. Kh2 Qxf2 37. Qxd4 Qf1 38. Rf3 Qb5 39. Qd8+ Re8
40. Qc7 Qd5 41. a4 Re4 42. Qb8+ Kh7 43. a5 Re2 44. Rg3 Re1 45. Rf3 Qd1 46. Qf4
Rh1+ 47. Kg3 Qe1+ 48. Kg4 Qe2 49. Kg3 Qe1+ 50. Rf2 Rf1 51. a6 Rxf2 52. Qxf2
Qxb4 53. Qa2 h5 54. Qa1 g5 55. Kh2 g4 56. a7 Qf4+ 57. Kh1 gxh3 58. a8=Q hxg2+
59. Qxg2 Qh4+ 60. Kg1 f6 1-0

[Event "XIII Konik Morski Rewala - Open B"]
[Site "Rewal"]
[Date "2008.08.28"]
[Round "9"]
[White "Dubrawska, Greta"]
[Black "Wasik, Jozef"]
[Result "1/2-1/2"]
[WhiteElo "1568"]
[BlackElo "1881"]
[PlyCount "106"]
[EventDate "2008.??.??"]

1. d4 d5 2. c4 c6 3. Nc3 Nf6 4. Bg5 Ne4 5. Nxe4 dxe4 6. Bf4 Bf5 7. e3 e6 8. a3
Be7 9. Ne2 Nd7 10. Nc3 O-O 11. Qc2 Rc8 12. Nxe4 Qa5+ 13. Qd2 Qxd2+ 14. Nxd2 c5
15. Be2 cxd4 16. exd4 Bf6 17. Be3 e5 18. Nf3 exd4 19. Bxd4 Rfe8 20. Bxf6 Nxf6
21. Rd1 Rxc4 22. Nd4 Bd7 23. O-O Rxd4 24. Rxd4 Rxe2 25. b4 g6 26. Rfd1 Bc6 27.
f3 Ra2 28. R4d3 Nh5 29. R1d2 Rxd2 30. Rxd2 Nf4 31. Kf2 Nd5 32. b5 Bxb5 33. Rxd5
Bc6 34. Rd4 a6 35. g4 Kg7 36. h4 h6 37. Kg3 g5 38. hxg5 hxg5 39. f4 gxf4+ 40.
Kxf4 Kg6 41. g5 Kg7 42. Kf5 Bg2 43. Rd6 Bh3+ 44. Ke5 Bg2 45. Kd4 Bf3 46. a4 Bg2
47. a5 Bf3 48. Kc5 Bc6 49. Kb6 Kh7 50. Rh6+ Kg7 51. Rf6 Bd5 52. Rf5 Bc6 53. Rf6
Bd5 1/2-1/2

[Event "XIII Konik Morski Rewala - Open B"]
[Site "Rewal"]
[Date "2008.08.28"]
[Round "9"]
[White "Sujkowski, Pawel"]
[Black "Grochocinska, Urszula"]
[Result "1-0"]
[WhiteElo "1850"]
[BlackElo "1665"]
[PlyCount "99"]
[EventDate "2008.??.??"]

1. f4 d5 2. Nf3 c5 3. e3 e6 4. b3 Nc6 5. Bb5 Bd7 6. Bxc6 Bxc6 7. O-O Nf6 8. Bb2
Bd6 9. d3 O-O 10. Ne5 d4 11. exd4 cxd4 12. Bxd4 Bxe5 13. Bxe5 Qd5 14. Qe2 Nd7
15. c4 Qc5+ 16. Qf2 Qxf2+ 17. Rxf2 Nxe5 18. fxe5 Rad8 19. Rd2 Rd4 20. Nc3 Rfd8
21. Rad1 a6 22. a4 f6 23. Ne2 Rg4 24. Nc1 fxe5 25. Re1 e4 26. g3 exd3 27. Rxd3
Rxd3 28. Nxd3 Re4 29. Kf2 Rxe1 30. Nxe1 Kf7 31. a5 Kf6 32. Ke3 Kf5 33. h3 e5
34. Nf3 Bxf3 35. Kxf3 e4+ 36. Ke3 Ke5 37. g4 g5 38. b4 h6 39. b5 Kd6 40. bxa6
bxa6 41. Kxe4 Kc5 42. Kf5 Kxc4 43. Kg6 Kb5 44. Kxh6 Kxa5 45. Kxg5 Kb4 46. h4 a5
47. h5 a4 48. h6 a3 49. h7 a2 50. h8=Q 1-0

[Event "XIII Konik Morski Rewala - Open B"]
[Site "Rewal"]
[Date "2008.08.28"]
[Round "9"]
[White "Szewczyk, Janusz"]
[Black "Adamus, Filip"]
[Result "0-1"]
[WhiteElo "2048"]
[BlackElo "1716"]
[PlyCount "84"]
[EventDate "2008.??.??"]

1. d4 d5 2. c4 e6 3. Nc3 Nf6 4. Bg5 Nbd7 5. c5 c6 6. e3 Be7 7. Bd3 O-O 8. Nf3
b6 9. b4 a5 10. a3 axb4 11. axb4 Bb7 12. O-O h6 13. Bh4 Nh5 14. Rxa8 Bxa8 15.
Bxe7 Qxe7 16. g4 Nhf6 17. g5 hxg5 18. Nxg5 Bb7 19. Qf3 g6 20. h4 e5 21. Be2 Kg7
22. Kg2 Ra8 23. Rh1 Ra3 24. Nb1 Rb3 25. Nd2 Rxb4 26. Qg3 Rb2 27. h5 Rxd2 28.
h6+ Kh8 29. dxe5 Ne4 30. Nxe4 dxe4 31. e6 Qxe6 32. Bg4 Qe5 33. Qh4 Qf6 34. Qg3
Ne5 35. Rd1 Rxd1 36. Bxd1 b5 37. Kf1 Bc8 38. Bb3 Kh7 39. Qh2 Ng4 40. Qg3 Kxh6
41. Qh3+ Kg7 42. Bc2 Qxf2# 0-1

[Event "XIII Konik Morski Rewala - Open B"]
[Site "Rewal"]
[Date "2008.08.28"]
[Round "9"]
[White "Krzysztofiak, Zdzislaw"]
[Black "Sieliwonik, Katarzyna"]
[Result "1/2-1/2"]
[WhiteElo "1734"]
[BlackElo "1676"]
[PlyCount "50"]
[EventDate "2008.??.??"]

1. e4 c5 2. Nf3 Nc6 3. d4 cxd4 4. Nxd4 g6 5. Bc4 Bg7 6. Be3 Nf6 7. Nc3 Qa5 8.
O-O O-O 9. Bb3 d6 10. f3 Qh5 11. Nde2 Bh6 12. Qd2 Bxe3+ 13. Qxe3 Na5 14. Nd5
Qe5 15. Nxf6+ Qxf6 16. c3 Nxb3 17. axb3 a6 18. Ra5 Bd7 19. Rg5 e5 20. Rg3 Qe6
21. f4 exf4 22. Rxf4 Qe5 23. Rh4 Rae8 24. Qh6 Qg7 25. Qf4 Qe5 1/2-1/2

[Event "XIII Konik Morski Rewala - Open B"]
[Site "Rewal"]
[Date "2008.08.28"]
[Round "9"]
[White "Piotrowski, Arkadiusz"]
[Black "Ryszkiewicz, Anna"]
[Result "1/2-1/2"]
[WhiteElo "1955"]
[BlackElo "1719"]
[PlyCount "110"]
[EventDate "2008.??.??"]

1. e4 d6 2. d4 Nf6 3. Nc3 g6 4. Be2 Bg7 5. Bg5 O-O 6. h4 c6 7. h5 Re8 8. hxg6
hxg6 9. Qd2 b5 10. a3 a5 11. Qf4 e5 12. dxe5 dxe5 13. Qh4 Nbd7 14. Bh6 Bh8 15.
Bg5 Bg7 16. Nf3 Qe7 17. Bh6 Nh5 18. Bg5 Nhf6 19. g4 Nf8 20. Bxb5 Qe6 21. Ba4
N8h7 22. Bb3 Qxg4 23. Bxf6 Nxf6 24. Ng5 Ra7 25. Qxg4 Bxg4 26. f3 Bh5 27. Ke2
Kf8 28. Rad1 Bh6 29. Rhg1 Bxg5 30. Rxg5 Nd7 31. Ba4 Re6 32. Bb3 Rf6 33. Rg3 Ke7
34. Ke3 Nb6 35. Ba2 a4 36. Rd2 Rd6 37. Rxd6 Kxd6 38. f4 exf4+ 39. Kxf4 f6 40.
Rd3+ Ke7 41. e5 g5+ 42. Kf5 Ra5 43. Re3 Rxe5+ 44. Rxe5+ fxe5 45. Kxe5 Bg6 46.
Ne4 Nd7+ 47. Kd4 g4 48. c3 Nf6 49. Nxf6 Kxf6 50. Ke3 Ke5 51. Bc4 Bc2 52. Be2
Kf5 53. Ba6 Bb3 54. Bb7 c5 55. Bc6 c4 1/2-1/2

[Event "XIII Konik Morski Rewala - Open B"]
[Site "Rewal"]
[Date "2008.08.28"]
[Round "9"]
[White "Gora, Jan"]
[Black "Wieclawska, Katarzyna"]
[Result "1-0"]
[WhiteElo "1678"]
[BlackElo "1555"]
[PlyCount "87"]
[EventDate "2008.??.??"]

1. e3 Nf6 2. c4 b6 3. d4 e6 4. Nc3 Bb4 5. Bd2 Bb7 6. Nf3 O-O 7. a3 Bxc3 8. Bxc3
d6 9. Bd3 Nbd7 10. b4 c5 11. dxc5 dxc5 12. b5 Re8 13. O-O e5 14. Bf5 e4 15. Nd2
Ne5 16. Qe2 Nd3 17. Rad1 Qe7 18. Nxe4 Bxe4 19. Bxf6 Qxf6 20. Bxe4 Rxe4 21. Qxd3
Ree8 22. Qc2 a6 23. a4 axb5 24. axb5 Red8 25. Rxd8+ Rxd8 26. Qe4 h6 27. h3 Qe6
28. Qxe6 fxe6 29. Ra1 Kf7 30. Ra7+ Kf6 31. Rb7 Rd6 32. Kf1 g5 33. Ke2 e5 34.
Kf3 h5 35. Ke4 g4 36. hxg4 hxg4 37. Rc7 Ke6 38. Rc6 Rxc6 39. bxc6 Kd6 40. c7
Kxc7 41. Kxe5 Kc6 42. Ke4 b5 43. cxb5+ Kxb5 44. Kd3 1-0